Estadística para psicología
-д хадгалсан:
| Үндсэн зохиолчид: | , |
|---|---|
| Формат: | Ном |
| Хэл сонгох: | испани |
| Хэвлэсэн: |
Buenos Aires
Pearson Educación
2001
|
| Хэвлэл: | 2a. ed |
| Нөхцлүүд: | |
| Шошгууд: |
Шошго нэмэх
Шошго байхгүй, Энэхүү баримтыг шошголох эхний хүн болох!
|
MARC
| LEADER | 00000nam a2200000 a 4500 | ||
|---|---|---|---|
| 001 | UCI3828 | ||
| 003 | CL-VaPUC | ||
| 008 | 071130e20010000AG |||||||||||||||||spa|d | ||
| 020 | |a 9879460669 | ||
| 082 | 0 | 4 | |a 150.727 |b ARO |2 21 |
| 100 | 0 | |a Aron, Arthur |e author |9 525353 | |
| 700 | 0 | |a Aron, Elaine N |e author |9 525354 | |
| 245 | 1 | 0 | |a Estadística para psicología |
| 250 | |a 2a. ed | ||
| 300 | |a 704 p | ||
| 942 | |c BK | ||
| 945 | |d 20071130 00:00:00 |a jtorresc | ||
| 260 | |a Buenos Aires |b Pearson Educación |c 2001 | ||
| 650 | 0 | |a Estadística matemática |9 260028 | |
| 650 | 0 | |a Estadística aplicada |9 270522 | |
| 650 | 0 | |a Psicología |9 257863 | |
| 650 | 0 | |a Métodos estadísticos |9 259407 | |
| 650 | 0 | |a Muestreo (Estadística) |9 270232 | |
| 583 | |a last modification |c 20071130 00:00:00 |k Rodrigo Vera | ||
| 999 | |c 327889 |d 327887 | ||
| 952 | |0 0 |1 0 |4 0 |6 150_727000000000000_ARO_2001 |7 0 |8 A |9 411415 |a BIBGIM |b BIBGIM |d 2019-11-22 |i 4392930 |o 150.727 ARO 2001 |p 4392930 |r 2025-01-15 |w 2019-11-22 |y BK |k EST | ||
| 952 | |0 0 |1 0 |4 0 |6 150_727000000000000_ARO_2001 |7 0 |8 A |9 411416 |a BIBGIM |b BIBGIM |d 2019-11-22 |i 4393740 |o 150.727 ARO 2001 |p 4393740 |r 2025-01-15 |w 2019-11-22 |y BK |k EST | ||